=LDR 00000nam 2200000 4500 =001 INLIS000000000005639 =005 20251020100830 =035 ##$$a 0010-1025000694 =007 ta =008 251020###########################0#ind## =082 ##$$a 613.94 =084 ##$$a 613.94 BAD s =100 #$$a Badan Koordinasi Keluarga Berencana Nasional =245 1#$$a Sterilization In The Northeast Of Brazil /$c Badan Koordinasi Keluarga Berencana Nasional =260 ##$:$b Badan Koordinasi Keluarga Berencana Nasional =300 ##$$a 7 Hal : $b Ilus ; $c 21 =650 #4$$a Keluarga Berencana =856 ##$$a Perpustakaan Kemendukbangga